The Human Body by letter - B - Statistics

General Stats
  • This quiz has been taken 1,741 times
  • The average score is 10 of 15
Answer Stats
Hint Answer % Correct
Flows through Arteries and Veins Blood
95%
Make up the Skeleton Bones
93%
Main Control Center of the Body Brain
93%
Urine Storage Facility Bladder
91%
Milk Storage Facilities in Women Breasts
87%
Has two Cheeks Butt
84%
Upper Arm Muscle Biceps
81%
Another Name for the Spine Backbone
78%
The Trachea divides into two of these Bronchi
63%
Arteries, Veins and Capillaries are types of these Blood Vessels
61%
Where you were attached to your mother Belly Button
56%
Another Name for the Sternum Breastbone
55%
End into the Alveoli Bronchioles
31%
Leads Bile from the Gall Bladder to the Duodenum Bile Duct
29%
Part of the Brain which regulates Breathing Brainstem
19%
No matching quizzes found
Score Distribution
Percent of People with Each Score
Percentile by Number Answered
Your Score History
You have not taken this quiz